| 000 | 01114nam a22003377a 4500 | ||
|---|---|---|---|
| 003 | CHAP | ||
| 005 | 20220329135630.0 | ||
| 008 | 971013s1980 r 00010 d | ||
| 010 | _a39646 | ||
| 011 | _a40618 | ||
| 035 | _a44744 | ||
| 040 | _cCHAP | ||
| 090 | _aTesis | ||
| 100 | 0 | 0 |
_aMontúfar Avilez, Octavio Alfonso. _977969 |
| 245 | _aProyecto técnico crediticio El Carrizal | ||
| 260 |
_aMéxico, D.F. : _bEla utor, _c1980 |
||
| 300 |
_a70 h. _b; mapas |
||
| 502 | _aTesis (Médico Veterinario Zootecnista) -- UNAM. Facultad de Medicina Veterinaria y Zootecnia | ||
| 590 |
_aALEPH _b10 _c20130110 _lUCH01 _h1308 |
||
| 590 |
_aBATCH-UPD _b10 _c20130109 _lUCH01 _h2352 |
||
| 590 |
_aBATCH-UPD _b10 _c20130110 _lUCH01 _h2135 |
||
| 590 |
_aBATCH-UPD _b10 _c20130409 _lUCH01 _h1925 |
||
| 590 |
_aBATCH-UPD _b10 _c20130410 _lUCH01 _h1444 |
||
| 590 |
_aBATCH-UPD _b10 _c20130914 _lUCH01 _h1104 |
||
| 590 |
_aCONVERSION _b10 _c20130109 _lUCH01 _h1322 |
||
| 650 | 1 | 4 |
_aCrédito ganadero. _929104 |
| 650 | 1 | 4 |
_aGanadería _xTamaulipas. _944852 |
| 901 | _aBK | ||
| 942 | _cTESIS | ||
| 949 |
_bBC _cTES _d-102525 _eTS1 _i44744 _si |
||
| 999 |
_c39646 _d39646 |
||